| 000 | 00000nam 2200000za 4500 |
| 001 | 9.846904 |
| 003 | CaOODSP |
| 005 | 20221107153320 |
| 007 | cr ||||||||||| |
| 008 | 171109s1997 xxc |o f|0| 0 fre d |
| 040 | |aCaOODSP|bfre |
| 043 | |an-cn--- |
| 086 | 1 |aNH15-210/1997F-PDF |
| 245 | 00|aObstacles posés par la réglementation à la réutilisation de l'eau locale |h[ressource électronique] / |cpréparé par l'Association canadienne des eaux potables et usées. |
| 260 | |a[Ottawa : |bSociété canadienne d'hypothèques et de logement], |c1997. |
| 300 | |a1 vol. (non-paginé) |
| 500 | |aPubl. aussi en anglais sous le titre : Regulatory barriers to on-site water reuse. |
| 500 | |aÉdition numérisée de l’imprimée, 2015 [par Société canadienne d'hypothèques et de logement]. |
| 504 | |aComprend des références bibliographiques. |
| 520 | |a« Le présent rapport est le fruit d'une enquête sur les obstacles posés par la réglementation à la mise en oeuvre de programmes de réutilisation de I'eau locale au Canada »--Résumé. |
| 692 | 07|2gccst|aEau |
| 710 | 2 |aAssociation canadienne des eaux potables et usées. |
| 710 | 2 |aSociété canadienne d'hypothèques et de logement. |
| 775 | 08|tRegulatory barriers to on-site water reuse |w(CaOODSP)9.569536 |
| 776 | 0#|tObstacles posés par la réglementation à la réutilisation de l'eau locale / |w(CaOODSP)9.680435 |
| 856 | 40|qPDF|s1.40 Mo|uhttps://publications.gc.ca/collections/collection_2017/schl-cmhc/nh15/NH15-210-1997-fra.pdf |